| 000 | 02615nam a22003374i 4500 | ||
|---|---|---|---|
| 001 | 991061740053106706 | ||
| 003 | ES-BaIT | ||
| 005 | 20260408135949.0 | ||
| 008 | 260408s2024 sp |||| 0 spa|c | ||
| 017 |
_aDL M 22819-2024 _bOficina DL Madrid |
||
| 020 | _a9788424514402 | ||
| 040 |
_aES-BaIT _bcat _erda _cES-BaIT |
||
| 080 | _a82.08 | ||
| 100 | 1 |
_aPascual, Itziar, _d1967- _eautor _965941 |
|
| 245 | 1 | 0 |
_aPasar a limpio : _bcómo mejorar tu texto dramático / _cItziar Pascual |
| 250 | _aPrimera edición | ||
| 264 | 1 |
_aMadrid : _bEditorial Fundamentos, _c2024 |
|
| 300 |
_a247 pàgines ; _c21 cm |
||
| 336 |
_atext _btxt _2rdacontent |
||
| 337 |
_asense mediació _bn _2rdamedia |
||
| 338 |
_avolum _bnc _2rdacarrier |
||
| 490 | 1 |
_aColección Arte. Serie Teoria Teatral ; _v240 |
|
| 500 | _aÍndex | ||
| 504 | _aBibliografia i webgrafia pàgines: 233-240 | ||
| 520 | _a"Este volumen es un cuaderno de trabajo; un compendio de consejos, reflexiones, recomendaciones y sugerencias sencillas para adentrarse en la escritura dramática. Me encanta tener cuadernos. En italiano se alude a la brutta copia, en francés al cahier de brouillon. Como estudiante, la expresión “pasar a limpio” resuena a tarea de muchas horas de apuntes escritos en las clases de la universidad. Esas notas, tomadas a mano, tachadas o subrayadas, son testigo de un camino pedagógico. Durante los últimos veinticinco años de docencia en la RESAD (1999-2024), he podido compartir procesos de escritura, leer escenas, analizar proyectos y tutorizar trabajos prácticos de final de estudios de mi alumnado de Dramaturgia, con los que he constatado que revisar, corregir y retocar el material son tareas esenciales. Mi experiencia como dramaturga y mi tarea académica han sido un puente constante de ida y vuelta entre la teoría y la práctica. Estoy convencida de que el trabajo de pulido y de revisión del material es definitivo para diferenciar una obra con hallazgos, con ingenio y con interés, de una obra que aspira a perdurar: porque escribir es algo que hacemos de forma espontánea, pero corregir requiere técnica y oficio. Es bastante sencillo detectar los problemas de composición de una creación. Lo difícil es saber cómo subsanarlos. Para ello hacen falta, además de tenacidad y constancia, capacidad analítica y herramientas técnicas; precisamente lo que aspira a brindar este cuaderno." -- Contracoberta | ||
| 650 | 4 | _aEscriptura teatral | |
| 830 | 0 |
_aColección Arte (Editorial Fundamentos). _pSerie Teoría teatral _v240 _9136407 |
|
| 908 | _aCDMAE | ||
| 940 | _aCDMAE | ||
| 942 |
_2udc _c1 |
||
| 999 |
_c137350 _d137350 |
||